| 000 | 01379 a2200205 4500 | ||
|---|---|---|---|
| 003 | Nust | ||
| 005 | 20220803111858.0 | ||
| 010 | _a 96021035 | ||
| 020 | _a0867204958 | ||
| 040 | _cNust | ||
| 082 | 0 | 0 | _a005,SCR |
| 100 | 1 |
_aScragg, Greg W. _996391 |
|
| 245 | 1 | 0 |
_aProblem solving with computers / _cGreg W. Scragg. |
| 260 |
_aSudbury, Mass. : _bJones and Bartlett Publishers, _cc1997. |
||
| 300 |
_axxxiv, 476 p. : _bill. (some col.) ; _c24 cm. |
||
| 505 | _aIntroduction (Page1), Using Tools: Word Processors (Page-9), Tools and Computer Science (Page-23), Documents as Objects (Page-39), Sharing and Communicating Information (Page-55), Representing Information (Page-71).Hierarchical Organization of Information (Page-91), Models, Visualization and Pictures (Page-111), Relations, Tables, and Databases (Page-129), Functions and Calculated Values (Page-147),Functions and Relations as problem-Solving Tools (Page-167), Algorithms (Page-183).Generalizing Problem Solutions (Page-201), Programming in Applications (Page-217), Dealing with Errors (Page-235), Iteration: Replicated Structures (Page-253),_Replicated Algorithms (Page-271), Conditional Actions (Page-289), Applied Logic (Page-307), Abstraction, Abbreviation, and Macros (Page-327)_ | ||
| 650 | 0 | _aElectronic data processing. | |
| 650 | 0 |
_aProblem solving _xData processing. _936486 |
|
| 942 |
_cBK _2ddc _k005,SCR |
||
| 999 |
_c174829 _d174829 |
||